000 01344nam a2200337 a 4500
001 000109388
003 CHAP
005 20220329144049.0
008 140424s2013 mx a ||m |||||||spa|d
010 _a105850
011 _a106822
040 _cCHAP
090 _aTesis
100 1 _aOlmos Cervantes, Rosalva
_9126565
245 1 0 _aSensibilidad de la antracnosis (colletotrichum gloeosporioides penz) del aguacate (Persea americana mill), a fungicidas benzimidazoles, estrobirulinas y cloronitrilos, en Cheratillo, Michoacán.
_h[En línea]
_cpor Rosalva Olmos Cervantes.
260 _aChapingo, Méx. :
_bEl autor,
_c2013.
500 _aPara ver el contenido del material haga clic en la liga
502 _aTesis (Ing. Agr. Esp. en Parasitología Agrícola) -- UACH. Departamento de Parasitología Agrícola
590 _aBATCH-UPD
_b05
_c20141002
_lUCH01
_h0901
590 _aE792CSJ
_b05
_c20140424
_lUCH01
_h0927
590 _aE792CSJ
_b05
_c20140424
_lUCH01
_h0928
650 1 4 _aAguacate
_xEnfermedades por hongos.
_92511
650 1 4 _aAguacate
_xMichoacán.
_92535
650 1 4 _aAntracnosis del aguacate
_96118
650 1 4 _aColletotrichum gloeosporioides.
_925254
650 1 4 _aFungicidas.
_944044
856 _aFinding aid
_uhttp://10.13.5.2/tesis/sist109388.pdf
_zTeclea aquí
901 _aBK
942 _cTESIS
942 _n0
999 _c105850
_d105850